[Event "Corus C"]
[Site "Wijk aan Zee NED"]
[Date "2008.01.15"]
[Round "4"]
[White "Carlsson, P."]
[Black "Ruijgrok, D."]
[Result "1-0"]
[WhiteElo "2501"]
[BlackElo "2329"]
[PlyCount "55"]
[EventDate "2008.01.12"]

1. e4 e5 2. Nf3 Nc6 3. Bb5 a6 4. Ba4 Nf6 5. O-O Be7 6. Re1 b5 7. Bb3 d6 8. c3
O-O 9. h3 Nb8 10. d4 Nbd7 11. Nbd2 Bb7 12. Bc2 Re8 13. Nf1 Bf8 14. Ng3 g6 15.
b3 d5 16. Bg5 h6 17. Bh4 g5 18. Nxg5 hxg5 19. Bxg5 exd4 20. e5 Rxe5 21. Rxe5
Nxe5 22. cxd4 Nc6 23. Qd3 Bg7 24. Nh5 Kf8 25. Nxg7 Kxg7 26. Qg3 Nh5 27. Qg4 Qh8
28. Be7+ 1-0

[Event "Corus C"]
[Site "Wijk aan Zee NED"]
[Date "2008.01.15"]
[Round "4"]
[White "Van der Wiel, J."]
[Black "Peng Zhaoqin"]
[Result "1/2-1/2"]
[WhiteElo "2490"]
[BlackElo "2461"]
[PlyCount "29"]
[EventDate "2008.01.12"]

1. e4 c5 2. Nf3 e6 3. d4 cxd4 4. Nxd4 Nc6 5. Nc3 Qc7 6. Be3 Nf6 7. Bd3 Nxd4 8.
Bxd4 Bc5 9. Bxc5 Qxc5 10. Qd2 a6 11. f4 d5 12. exd5 exd5 13. O-O-O O-O 14. h3
Bd7 15. Rhe1 1/2-1/2

[Event "Corus C"]
[Site "Wijk aan Zee NED"]
[Date "2008.01.15"]
[Round "4"]
[White "Li Shilong"]
[Black "Negi, P."]
[Result "0-1"]
[WhiteElo "2502"]
[BlackElo "2526"]
[PlyCount "96"]
[EventDate "2008.01.12"]

1. d4 d5 2. c4 e6 3. Nf3 Nf6 4. Bg5 Be7 5. Nc3 h6 6. Bxf6 Bxf6 7. Qc2 dxc4 8.
e3 c5 9. Bxc4 cxd4 10. exd4 Nc6 11. O-O-O O-O 12. Qe4 Qa5 13. Rhe1 Bd7 14. Kb1
Rac8 15. Bb3 Rfd8 16. Qe3 Be8 17. Ne4 Bxd4 18. Qf4 Qf5 19. Qg3 Be5 20. Nxe5
Rxd1+ 21. Bxd1 Nxe5 22. Bc2 Nc4 23. Qc3 Qf4 24. g3 Qc7 25. Bb3 b5 26. Rd1 Bc6
27. f3 Qe5 28. Qxe5 Nxe5 29. Nd6 Rd8 30. f4 Ng4 31. h3 Nf2 32. Rd2 Nxh3 33. Kc1
h5 34. f5 Ng5 35. Nxf7 Rxd2 36. Nxg5 Rg2 37. Nxe6 Kh8 38. Nf4 Rxg3 39. Nxh5 Rg5
40. Nf4 Rxf5 41. Ng6+ Kh7 42. Ne7 Rc5+ 43. Kd2 Be4 44. Ke3 Rc7 45. Nd5 Bxd5 46.
Bxd5 Kg6 47. Be4+ Kf6 48. Bd3 b4 0-1

[Event "Corus C"]
[Site "Wijk aan Zee NED"]
[Date "2008.01.15"]
[Round "4"]
[White "Braun, A."]
[Black "Van der Werf, M."]
[Result "1-0"]
[WhiteElo "2536"]
[BlackElo "2389"]
[PlyCount "43"]
[EventDate "2008.01.12"]

1. d4 d5 2. c4 e6 3. Nc3 c6 4. e4 dxe4 5. Nxe4 Bb4+ 6. Bd2 Qxd4 7. Bxb4 Qxe4+
8. Be2 Na6 9. Bd6 Qxg2 10. Qd2 Nf6 11. Bf3 Qg6 12. O-O-O e5 13. Bxe5 O-O 14.
Ne2 Qf5 15. Qe3 Nb4 16. Nd4 Nxa2+ 17. Kd2 Rd8 18. Ke2 Qxe5 19. Qxe5 Re8 20.
Qxe8+ Nxe8 21. Nxc6 bxc6 22. Rd8 1-0

[Event "Corus C"]
[Site "Wijk aan Zee NED"]
[Date "2008.01.15"]
[Round "4"]
[White "Ushenina, A."]
[Black "Nijboer, F."]
[Result "0-1"]
[WhiteElo "2484"]
[BlackElo "2578"]
[PlyCount "126"]
[EventDate "2008.01.12"]

1. e4 c5 2. c3 Nf6 3. e5 Nd5 4. Nf3 Nc6 5. d4 cxd4 6. cxd4 d6 7. Bc4 Nb6 8. Bb5
Bd7 9. Nc3 dxe5 10. Nxe5 Nxe5 11. dxe5 Bxb5 12. Nxb5 Qxd1+ 13. Kxd1 Nd5 14. Bd2
e6 15. Ke2 Be7 16. Rhd1 a6 17. Nc3 O-O-O 18. Rac1 Kb8 19. g3 Rd7 20. Ne4 Rc8
21. Rxc8+ Kxc8 22. Rc1+ Rc7 23. a3 Rxc1 24. Bxc1 b5 25. Bd2 Kd7 26. Kd3 Kc6 27.
f4 h6 28. Be1 Nb6 29. Bf2 Nc4 30. Bd4 Na5 31. Bc3 Nc4 32. Bd4 Nb6 33. Bf2 a5
34. Be1 a4 35. Bf2 Nc4 36. Bd4 Na5 37. Nc3 Nb3 38. Bf2 f6 39. exf6 Bxf6 40. Nd1
h5 41. h3 g6 42. g4 Bg7 43. gxh5 gxh5 44. Be1 Bh6 45. Bg3 Nc5+ 46. Kd4 Bg7+ 47.
Ke3 Kd5 48. Be1 Bd4+ 49. Ke2 Ke4 50. Bc3 Nb3 51. Bxd4 Nxd4+ 52. Kd2 Kxf4 53.
Kd3 e5 54. Nc3 h4 55. Ne4 Nf5 56. Nc5 Nd6 57. Ne6+ Kf3 58. Ng5+ Kf2 59. Ne6 e4+
60. Kd4 e3 61. Kc5 Nc4 62. Kxb5 Nxb2 63. Nd4 e2 0-1